00515nam a2200193 a 4500001001300000003000900013005001700022008004100039020001000080082001600090100002100106245003200127260003300159300000900192500003500201505004100236650002300277700002100300nice12345678IN_TiNIC20260116011331.0050524s1936 egya grp 000 0 ara  ac10000a297.29bHAR aHarravi, Hussain aAl-Mustashreeqoon Wal Islam aEgyptbMaktaba-E-ilmiac1936 a107p aincludes index and biblioraphy2 a12 Volumes in Bounded in Six Volumes aOrientalists-Islam1 aHarravi, Hussain